| Tag |
First Indicator |
Second Indicator |
Subfields |
| LEADER |
00000cam a2200000 4500 |
| 001 |
in00000038672 |
| 005 |
20151007081215.0 |
| 008 |
740826s1966 eng u |
| 010 |
|
|
|a 65027011
|
| 035 |
|
|
|a (OCoLC)00989638
|
| 035 |
|
|
|9 AAF6034AM
|
| 040 |
|
|
|c MIA
|d TXA
|d UtOrBLW
|
| 049 |
|
|
|a TXAM
|c [471626]
|
| 050 |
|
0 |
|a DA950.22
|b .M18
|
| 082 |
0 |
|
|a 320.9415
|
| 092 |
|
|
|a 320.9415
|b M121d
|
| 100 |
1 |
|
|a McCaffrey, Lawrence John,
|d 1925-
|
| 245 |
1 |
0 |
|a Daniel O'Connell and the Repeal year /
|c [by] Lawrence J. McCaffrey.
|
| 264 |
|
1 |
|a [Lexington] :
|b University of Kentucky Press,
|c [1966]
|
| 300 |
|
|
|a xv, 252 pages ;
|c 23 cm.
|
| 336 |
|
|
|a text
|b txt
|2 rdacontent
|
| 337 |
|
|
|a unmediated
|b n
|2 rdamedia
|
| 338 |
|
|
|a volume
|b nc
|2 rdacarrier
|
| 504 |
|
|
|a Bibliographical footnotes.
|
| 600 |
1 |
0 |
|a O'Connell, Daniel,
|d 1775-1847.
|
| 650 |
|
0 |
|a Home rule
|z Ireland.
|
| 651 |
|
0 |
|a Ireland
|x Politics and government
|y 1837-1901.
|
| 999 |
|
|
|a MARS
|
| 999 |
f |
f |
|s a98eda13-d92f-3bea-9c34-44212b65ed73
|i 39c6061e-f06a-3403-a27c-1392800f1aa1
|t 0
|
| 952 |
f |
f |
|p normal
|a Texas A&M University
|b College Station
|c Sterling C. Evans Library
|d Evans: Library Stacks
|t 0
|e DA950.22 .M18
|h Library of Congress classification
|i unmediated -- volume
|m A14800659911
|
| 998 |
f |
f |
|a DA950.22 .M18
|t 0
|l Evans: Library Stacks
|